A Handbook on padi-field weeds

Bibliographic Details
Format: Book
Published: s.l. : Institut Penyelidikan dan Kemajuan Pertaninan Malaysia , 19--
Subjects:

MARC

LEADER 00000cam a2200000 7i4500
001 0000003788
002 000004085
005 20080908.0
020 |a T000000316 
090 0 0 |a 633.18   |b HAN 
245 0 2 |a A Handbook on padi-field weeds   |c compiled by Joseph Samy et al 
260 |a s.l. :   |b Institut Penyelidikan dan Kemajuan Pertaninan Malaysia ,   |c 19-- 
300 |a 84p. ;   |c 24cm. 
650 0 0 |a Padi   |x Handbooks, manuals, etc. 
999 |a 037015   |b BUKU   |c PINJAMAN   |e PERPUSTAKAAN KOMUNITI PETALING JAYA